Europe simple, Europe strong : the future of European governance /

Bibliographic Details
Main Author: Vibert, Frank
Format: Book
Language:English
Published: Cambridge : Malden, MA : Polity Press ; Blackwell, 2001.
Subjects:

MARC

Tag First Indicator Second Indicator Subfields
LEADER 00000cam a22000004a 4500
001 in00001663206
005 20151024121151.0
008 010501s2001 enk b 001 0 eng
010 |a  2001032939 
020 |a 0745628524 (hbk : acid-free paper) 
020 |a 0745628532 (pbk. : acid-free paper) 
035 |a (OCoLC)ocm46937604 
040 |a DLC  |c DLC  |d TXA  |d UtOrBLW 
042 |a pcc 
043 |a e------ 
049 |a TXAM 
050 0 0 |a JN30  |b .V55 2001 
082 0 0 |a 341.242/2  |2 21 
100 1 |a Vibert, Frank. 
245 1 0 |a Europe simple, Europe strong :  |b the future of European governance /  |c Frank Vibert. 
264 1 |a Cambridge :  |b Polity Press ;  |a Malden, MA :  |b Blackwell,  |c 2001. 
300 |a 263 pages ;  |c 24 cm. 
336 |a text  |b txt  |2 rdacontent 
337 |a unmediated  |b n  |2 rdamedia 
338 |a volume  |b nc  |2 rdacarrier 
504 |a Includes bibliographical references (pages [248]-259) and index. 
610 0 |a European Union. 
650 0 |a Globalization. 
650 0 |a Information society  |z Europe. 
948 |a cataloged  |b h  |c 2002/2/27  |d c  |e dmitchel  |f 8:10:20 am 
994 |a E0  |b TXA 
999 |a MARS 
999 f f |s 06e6293e-d21b-3275-9d00-bc923b2439af  |i db2f64bc-9d6e-3fd0-819b-95a738eead28  |t 0 
952 f f |p ric  |a Texas A&M University  |b Rellis Campus  |c Joint Library Facility  |d Remote Storage  |t 0  |e JN30 .V55 2001  |h Library of Congress classification  |i unmediated -- volume  |m A14828472969 
998 f f |a JN30 .V55 2001  |t 0  |l Remote Storage